000 00888nam a2200265 i 4500
001 11109
003 ES-MaACL
005 20230906150029.0
007 t|
008 000000s1985 sp a |||| | spa d
020 _a84-505-1426-6
080 _a688.5:061.43(464.1M.)"1985"
080 _a75.058:688.5]:061.43(464.1M.)"1985"
080 _a061.43(464.1M.)"1985":688.5
245 0 0 _aOtros abanicos
_b: [exposición, Banco Exterior de España, Sala de Exposiciones, Madrid, mayo 1985].
260 _a[Madrid] :
_bFundación Banco Exterior,
_c1985.
300 _a111 p. :
_bil. col. ;
_c19 x 21 cm.
504 _aBibliografía. Índice.
650 1 4 _aAbanicos-
_vExposiciones.
_9170059
655 7 _2tgfbne
_9193628
_aCatálogos de exposiciones
710 2 _aFundación Banco Exterior.
_94226
852 _aES-MaACL
_jL-18374
942 _2udc
999 _c11109
_d11109